Tous les objets magiques de Harry Potter - Statistiques

Statistiques générales
  • Ce quiz a été pris 446 fois
    433 depuis la dernière actualisation
  • Le résultat moyen est 18 sur 40
Statistiques - réponses
Réponse % Correct
16 Bague des Gaunt
97%
29 Baguette magique
95%
19 Balai volant
82%
17 Coupe de Poufsouffle
82%
18 Diadème de Serdaigle
82%
11 Cape d'invisibilité
79%
15 Journal de Tom Jedusor
79%
14 Médaillon de Serpentard
76%
3 Pierre Philosophale
73%
2 Épée de Gryiffondor
62%
30 Vif d'or
61%
1 Choixpeau Magique
57%
35 Cognards
56%
34 Souaffle
55%
36 Pierre de Résurrection
52%
31 Cartes de Chocogrenouille
51%
26 Miroir à double sens
51%
37 Baguette de Sureau
49%
22 Portoloin
48%
24 Retourneur de temps
48%
4 Rapeltout
45%
27 Pensine
41%
38 Beuglante
37%
39 Carte du Maraudeur
37%
23 Armoire à disparaître
35%
6 Coupe de feu
35%
40 Plume à Papote
33%
5 Déluminateur
32%
21 Poudre de cheminette
32%
32 Miroir du Risèd
28%
20 Tapis volant
19%
13 Collier d'opale
17%
7 Scrutoscope
16%
12 Main de la gloire
15%
8 Glace à l'ennemi
12%
10 Horloge de la famille Weasley
12%
33 Le Monstrueux livre des Monstres
10%
9 Capteur de dissimulation
5%
28 Bézoare
3%
25 Faux gallions
3%
Aucun quiz correspondant
Distribution des résultats
% des personnes avec chaque résultat
Percentile par nombre de réponses
Votre historique - résultats
Vous n’avez pas pris ce quiz depuis la dernière actualisation